000 00314nam a22001217a 4500
082 _aZAR
100 _aZardaari Muhammad Laiq
245 _aHistory of Sindh
260 _aMoro
_bSindh Historical and Cultural Socity
300 _a340
500 _aBilawal Institute of Historical Research , Nawabshah
942 _cBK
999 _c11681
_d11681